00936nam a2200277 a 4500001000400000003000800004005001700012008004100029020001800070035001400088040003200102041000800134082002600142100002100168245008400189260004400273300002300317504003700340650003000377650002900407650001800436700002600454942001200480999001300492952015300505591BD-RjUL20211208233214.0150211s2011 ii || b 001 0 eng  a9788184950991 a(BD-RjUL) aDLCcDLCdDLCdBD-RjULbeng aeng00a658.155bBAR 2011220 aBasu, D.911608710aRisk management : bContemporary Trends and Practices /cD. Basu & D. K. Sinha. aDelhi :bJaico Publishing House,c2011. ax,148 p. ;c26 cm. aIncludes bibliography and index. a Risk management.9115587 aRisk perception.9116088 aRisk.9116089 aSinha, D. K. 9116090 2ddccBK c591d591 00102ddc40718NFICaRUCLbRUCLcReadingd2014-07-23eChittagong, Battigharg665.00l0o658.155 BAR 2011r2015-02-11 00:00:00tC-1w2015-02-11yBK